Statistics for Largest Cities in the World that End in 'g'

Click here to take the quiz!

General Stats

  • This quiz has been taken 125 times
  • The average score is 9 of 25

Answer Stats

#PopulationRegionAnswer% Correct
120,000,000AsiaBĕijīng
86%
85,650,000EuropeSaint Petersburg
79%
214,200,000AfricaJohannesburg
78%
162,875,000EuropeHamburg
69%
57,550,000AsiaHong Kong
67%
76,700,000AsiaNánjīng
59%
38,400,000AsiaChóngqìng
57%
67,050,000AsiaBandung
52%
152,975,000AsiaP'yŏngyang
52%
95,000,000AsiaChittagong
44%
48,100,000AsiaShĕnyáng
41%
114,325,000AsiaKūnmíng
35%
133,575,000AsiaNánníng
34%
172,775,000AsiaKaohsiung
21%
143,400,000AsiaGuìyáng
20%
104,800,000AsiaShíjiāzhuāng
20%
123,975,000AsiaNánchāng
19%
202,275,000AsiaSemarang
15%
182,650,000AsiaLuòyáng
13%
192,425,000AsiaTaichung
10%
232,050,000AsiaNántōng
8%
222,150,000AsiaBăodìng
5%
242,050,000AsiaWéifāng
4%
251,940,000AsiaXiāngyáng
4%
212,175,000AsiaXīnxiāng
1%

Score Distribution

Percentile by Number Answered

Percent of People with Each Score

Your Score History

You have not taken this quiz